<?xml version="1.0" encoding="UTF-8"?><?xml-stylesheet type="text/xsl" href="static/style.xsl"?><OAI-PMH xmlns="http://www.openarchives.org/OAI/2.0/" xmlns:xsi="http://www.w3.org/2001/XMLSchema-instance" xsi:schemaLocation="http://www.openarchives.org/OAI/2.0/ http://www.openarchives.org/OAI/2.0/OAI-PMH.xsd"><responseDate>2026-04-29T00:27:31Z</responseDate><request verb="GetRecord" identifier="oai:repisalud.isciii.es:20.500.12105/5445" metadataPrefix="marc">https://repisalud.isciii.es/rest/oai/request</request><GetRecord><record><header><identifier>oai:repisalud.isciii.es:20.500.12105/5445</identifier><datestamp>2025-06-03T09:21:44Z</datestamp><setSpec>com_20.500.12105_2405</setSpec><setSpec>com_20.500.12105_2403</setSpec><setSpec>col_20.500.12105_2418</setSpec></header><metadata><record xmlns="http://www.loc.gov/MARC21/slim" xmlns:dcterms="http://purl.org/dc/terms/" xmlns:doc="http://www.lyncode.com/xoai" xmlns:xsi="http://www.w3.org/2001/XMLSchema-instance" xsi:schemaLocation="http://www.loc.gov/MARC21/slim http://www.loc.gov/standards/marcxml/schema/MARC21slim.xsd">
   <leader>00925njm 22002777a 4500</leader>
   <datafield ind2=" " ind1=" " tag="042">
      <subfield code="a">dc</subfield>
   </datafield>
   <datafield ind2=" " ind1=" " tag="720">
      <subfield code="a">Miguel-Bilbao, Silvia de</subfield>
      <subfield code="e">author</subfield>
   </datafield>
   <datafield ind2=" " ind1=" " tag="260">
      <subfield code="c">2016-11</subfield>
   </datafield>
   <datafield ind2=" " ind1=" " tag="520">
      <subfield code="a">Los dosímetros personales se emplean para medir los niveles de exposición a los campos electromagnéticos (CEM). Estos dispositivos introducen una perturbación debido a la presencia del cuerpo humano. Es posible modelar esta alteración de los niveles de exposición detectados en medidas experimentales mediante técnicas de simulación. Se propone la implementación de un modelo teórico que permita caracterizar y modelar este fenómeno en entornos interiores y en condiciones de movimiento. Se ha comprobado que la subestimación ocasionada por el efecto del cuerpo humano depende de las dimensiones del recinto. Los resultados teóricos han sido verificados mediante la realización de varias campañas de medidas. Se han comparado los valores obtenidos y las funciones de distribución acumulada (FDA) de los resultados experimentales y teóricos, con el fin de aportar fiabilidad al modelo propuesto. Se ha comprobado el ajuste de las FDAs obtenidas con las funciones de distribución características de los niveles de exposición a radiaciones no ionizantes en recintos interiores. Con el fin de compensar los efectos de este fenómeno, y eliminar la incertidumbre en los datos de exposición a los CEM proporcionados por los dosímetros personales, se ha discutido el uso de los factores de corrección como posible alternativa.</subfield>
   </datafield>
   <datafield ind1="8" ind2=" " tag="024">
      <subfield code="a">Evaluación de las nuevas condiciones de exposición personal a radiaciones no-ionizantes generadas por redes Wi-Fi en espacios internos / Silvia de Miguel Bilbao</subfield>
   </datafield>
   <datafield ind1="8" ind2=" " tag="024">
      <subfield code="a">http://hdl.handle.net/20.500.12105/5445</subfield>
   </datafield>
   <datafield ind1="8" ind2=" " tag="024">
      <subfield code="a">10.4321/repisalud.5445</subfield>
   </datafield>
   <datafield ind1="8" ind2=" " tag="024">
      <subfield code="a">725-16-022-7</subfield>
   </datafield>
   <datafield ind1="8" ind2=" " tag="024">
      <subfield code="a">725-16-023-2</subfield>
   </datafield>
   <datafield ind2="0" ind1="0" tag="245">
      <subfield code="a">Evaluación de las nuevas condiciones de exposición personal a radiaciones no-ionizantes generadas por redes Wi-Fi en espacios internos</subfield>
   </datafield>
</record></metadata></record></GetRecord></OAI-PMH>